<?xml version="1.0" encoding="UTF-8"?>
<marc:record xmlns:marc="http://www.loc.gov/MARC21/slim">
   <marc:leader>00000nam a2200000 a 4500</marc:leader>
   <marc:datafield ind1="1" ind2=" " tag="100">
      <marc:subfield code="a">Riha, Susanne</marc:subfield>
      <marc:subfield code="4">aut</marc:subfield>
      <marc:subfield code="e">Verfasser/-in</marc:subfield>
   </marc:datafield>
   <marc:datafield ind1=" " ind2=" " tag="653">
      <marc:subfield code="a">Mond</marc:subfield>
   </marc:datafield>
   <marc:datafield ind1="0" ind2="0" tag="245">
      <marc:subfield code="a">Gute Nacht, wünscht der Mond</marc:subfield>
   </marc:datafield>
   <marc:datafield ind1="0" ind2="0" tag="245">
      <marc:subfield code="b">Wissen und Geschichten rund um den Mond</marc:subfield>
   </marc:datafield>
   <marc:datafield ind1="0" ind2="0" tag="245">
      <marc:subfield code="c">Susanne Riha</marc:subfield>
   </marc:datafield>
   <marc:datafield ind1=" " ind2="1" tag="264">
      <marc:subfield code="a">Wien</marc:subfield>
      <marc:subfield code="b">Annette Betz</marc:subfield>
      <marc:subfield code="c">2006</marc:subfield>
   </marc:datafield>
   <marc:datafield ind1="1" ind2=" " tag="520">
      <marc:subfield code="a">Gut aufbereiteter Sachunterricht verbunden mit Geschichten und Gedichten. (ab 8) (JN) Der Mond fasziniert jedes Kind. Mal ist er ein runder leuchtender Ball, mal eine dünne Sichel. Doch warum verändert sich der Mond und wie entstehen Ebbe und Flut? Mit Grafiken und Zeichnungen wird die für Kinder nicht ganz einfache Materie der Mondphasen und der Mondfinsternis sehr gut aufbereitet und erklärt. Damit der Astronomieunterricht nicht zu anstrengend wird, gibt es zur Auflockerung nette Geschichten, Gedichte und ein Suchspiel. Insgesamt ein schön gestaltetes, naturwissenschaftlich orientiertes Kindersachbuch, das sich für Schüler ab 8 Jahren im Sachunterricht einsetzen lässt und daher auch für Schulbibliotheken geeignet erscheint.</marc:subfield>
   </marc:datafield>
   <marc:datafield ind1=" " ind2=" " tag="020">
      <marc:subfield code="a">9783219112429</marc:subfield>
      <marc:subfield code="9">9783219112429</marc:subfield>
   </marc:datafield>
   <marc:datafield ind1=" " ind2=" " tag="020">
      <marc:subfield code="a">3219112420</marc:subfield>
      <marc:subfield code="9">3219112420</marc:subfield>
   </marc:datafield>
   <marc:datafield ind1=" " ind2=" " tag="300">
      <marc:subfield code="a">[10] Bl. : Ill. (farb.)</marc:subfield>
   </marc:datafield>
</marc:record>
